| 000 | 01209nmm a2200325 a 4500 | ||
|---|---|---|---|
| 001 | ocm0002015984 | ||
| 003 | TR-IsHL | ||
| 005 | 20201028181357.0 | ||
| 008 | 190101s2018 tu tur | ||
| 007 | cr cn | ||
| 020 | _a9786053276579 | ||
| 035 |
_a2015984 _b(N$T) |
||
| 050 | 0 | 4 |
_aHD3856 _b.H493 2018 |
| 090 | 0 | 4 |
_aHD3856 _b.H493 2018 |
| 100 | 1 | _aBeşer, Berna Hızarcı | |
| 245 | 1 | 0 |
_aÖzelleştirmenin ikinci dalgası:'kamu - özel işbirliği': kamu hizmetlerinin sunumunda devletin değişen rolü _h[electronic resource] / _cBerna Hızarcı Beşer |
| 260 |
_aBursa : _bEkin Basın Yayın Dağıtım, _c2018 |
||
| 300 | _a138 p. | ||
| 500 | _aKaynakça var | ||
| 650 | 4 | _aEkonomi ve Finans | |
| 650 | 4 | _aEconomics and Finance | |
| 650 | 0 |
_aKamu hizmetleri _x Türkiye |
|
| 650 | 0 |
_aPublic services _x Turkey |
|
| 650 | 0 |
_aÖzelleştirme _x Türkiye |
|
| 650 | 0 |
_aCustomization _x Turkey |
|
| 650 | 0 |
_aKamu İktisadi Teşebbüsleri _x Özelleştirme |
|
| 650 | 0 |
_aState Economic Enterprises _x Privatization |
|
| 650 | 7 |
_aBUSINESS & ECONOMICS / Public Finance _2bisacsh |
|
| 856 | 4 | 0 | _uhttp://search.ebscohost.com/login.aspx?direct=true&scope=site&db=e011xww&AN=2015984 |
| 999 |
_c19573 _d19573 |
||